| 000 | 00947nam0a22002771 4500 | ||
|---|---|---|---|
| 001 | v19\rc\1763223 | ||
| 005 | 20260407060351.0 | ||
| 035 | _a(NLR Aleph) 004862940 | ||
| 090 |
_a5028533 _c5028534 |
||
| 100 | _a20061204d1903 |||y0rusy50 ca | ||
| 101 | 0 | _arus | |
| 102 | _aRU | ||
| 105 | _ay z ||||| | ||
| 200 | 1 |
_aСправка о деятельности Моршанского земского опытного поля _fП.К. |
|
| 210 |
_aМоршанск _cтип. М. Прокофьева _dценз. 1903 |
||
| 215 |
_a32 с. _d23 |
||
| 300 | _aАвт. указан в конце текста | ||
| 309 | _aБез тит. л. и обл. | ||
| 702 | 0 |
_aП. К. _4220 |
|
| 710 | 0 | 2 |
_aМоршанское земское опытное поле _9552626 _3RU\NLR\AUTH\8810027183 |
| 801 | 0 |
_aRU _bNLR _gpsbo |
|
| 801 | 0 |
_aRU _bRuMoRGB _2psbo |
|
| 801 | 1 |
_aRU _bProSoft-M _2rusmarc |
|
| 852 |
_aNLR _bЗем _j40-8/2 |
||
| 942 | _cBOOK | ||
| 980 | _aNB | ||